Plus haut bâtiment du monde à travers l'histoire - Statistiques

Statistiques générales
  • Ce quiz a été pris 310 fois
  • Le résultat moyen est 8 sur 23
Statistiques - réponses
Par images Hint Réponse % Correct
312 m ; France ; de 1889 à 1930 Tour Eiffel
96%
381 m ; Etats-Unis ; de 1931 à 1972 Empire State Building
89%
828 m ; Emirats Arabes Unis ; de 2010 à aujourd'hui Burj Khalifa
79%
146,6 m ; Egypte ; de -2570 à 1240 puis de 1647 à 1874 Pyramide de Khéops
78%
417 m ; Etats-Unis ; de 1973 à 1974 One World Trade Center
77%
451 m ; Malaisie ; de 1998 à 2004 Tours Petronas
57%
157 m ; Allemagne ; de 1880 à 1884 Cathédrale de Cologne
54%
169 m ; Etats-Unis ; de 1884 à 1889 Washington Monument
41%
318 m ; Etats-Unis ; de 1930 à 1931 Chrysler Building
39%
151 m ; France ; de 1876 à 1880 Cathédrale de Rouen
35%
508 m ; Taiwan ; de 2004 à 2010 Taipei 101
22%
150 m ; Royaume-Uni ; de 1240 à 1300 Cathédrale Saint-Paul de Londres
19%
152 m ; France ; de 1569 à 1573 Cathédrale Saint-Pierre de Beauvais
14%
62 m ; Egypte ; de -2650 à -2610 Pyramide de Djéser
12%
442 m ; Etats-Unis ; de 1974 à 1998 Willis Tower
12%
147 m ; Allemagne ; de 1874 à 1876 Eglise Saint-Nicolas de Hambourg
10%
160 m ; Royaume-Uni ; de 1300 à 1549 Cathédrale de Lincoln
9%
104 m ; Egypte ; de -2605 à -2600 Pyramide rhomboïdale
5%
105 m ; Egypte ; de -2600 à -2570 Pyramide rouge
5%
151 m ; Allemagne ; de 1549 à 1569 puis de 1573 à 1647 Eglise Sainte-Marie de Stralsund
3%
12 m ; Irlande ; de -3200 à -3000 Newgrange
3%
93,5 m ; Egypte ; de -2610 à -2605 Pyramide de Meïdoum
2%
18,6 m ; Pérou ; de -3000 à -2650 Caral-Supe
1%
Aucun quiz correspondant
Distribution des résultats
% des personnes avec chaque résultat
Percentile par nombre de réponses
Votre historique - résultats
Vous n’avez pas pris ce quiz